000
00178 a2200097 4500
020
_a
9780771064869
041
_a
eng
100
_a
Alice Munro
245
_a
Dear Life
942
_c
BK
999
_c
14079
_d
14079